1412 1384 1325 1373 1231 1655 1664 1601 1695 1325 1971 1672 1513 1759 1941 1573 1533 1707 1081 1490 1226 1536 1919 1892 1395 1856 1719 1359 1895 1800 1863 1187 1330 1253 1975 1724 1889 1091 1398 1421 1199 1158 1805 1150 1635 1534 1322 1894 1617 1064 1892 1792 1048 1588 1866 1240 1285 1984 1916 1790 1084 1049 1045 1059 1090 1254 1913 1762 1930 1408 1357 1861 1047 1734 1979 1514 1847 1469 1506 1555 1653 1577 1855 1527 1687 1580 1584 1687 1284 1594 1944 1325 1671 1683 1323 1772 1047 1541 1687 BCNSPRNW ULIB Ver.6.0+V

เปลี่ยนเป็นภาษาไทย

Change to English
 แสดงรายละเอียดบรรณานุกรม
  กลับหน้าหลัก

Brief Record : Get Marc (ISO 2709) : E-mail record : QR code < ปิดหน้าต่าง
LEADER : 00000nam 2200000uu 4500
001    13399129197
003     ULIB
008    260511s2568||||th 000 0 tha d
020 ^^ ^a9786164439825
060 ^^ ^aWY106^bอ634ป
100 ^^ ^aอาภาพร เผ่าวัฒนา
245 ^^ ^aประเด็นร่วมสมัยในการพยาบาลชุมชนขั้นสูง =^lContemporary issues in advanced community health nursing /^cอาภาพร เผ่าวัฒนา, สุนีย์ ละกำปั่น, สุรินธร กลัมพากร, บรรณาธิการ
250 ^^ ^aพิมพ์ครั้งที่ 1
260 ^^ ^aนครปฐม :^bสำนักพิมพ์มหาวิทยาลัยมหิดล, ^c2568
300 ^^ ^ax, 372 หน้า :^bภาพประกอบ ;^c24 ซม.
505 ^^ ^aสารบัญ: การบริการสุขภาพชุมชนโดยยึดประชาชนเป็นฐาน - - การบริการสุขภาพชุมชนในยุคของการเปลี่ยนแปลง - - ประเด็นร่วมสมัยในการจัดบริการสุขภาพชุมชน
590 ^^ ^aอาภาพร เผ่าวัฒนา, สุนีย์ ละกำปั่น, และสุรินธร กลัมพากร (บรรณาธิการ). (2568). ^bประเด็นร่วมสมัยในการพยาบาลชุมชนขั้นสูง. ^dสำนักพิมพ์มหาวิทยาลัยมหิดล.
591 ^^ ^aอาภาพร เผ่าวัฒนา, สุนีย์ ละกำปั่น, สุรินธร กลัมพากร, บรรณาธิการ. ประเด็นร่วมสมัยในการพยาบาลชุมชนขั้นสูง. นครปฐม: สำนักพิมพ์มหาวิทยาลัยมหิดล; 2568.
650 ^^ ^aอนามัยชุมชน ^xการพยาบาล
690 ^^ ^aสาขาวิชาการพยาบาลอนามัยชุมชนและการรักษาพยาบาลเบื้องต้น
700 ^^ ^aสุนีย์ ละกำปั่น
700 ^^ ^aสุรินธร กลัมพากร
999    ^aประนอม เกษจรัล
รายการนี้ยังไม่มีแท็ก
คุณยังไม่ได้ล็อกอิน คุณสามารถมีกิจกรรมร่วมกับเว็บไซต์ได้ แต่ต้องล็อกอินก่อน ::
  ล็อกอิน

รายการสื่อสารสนเทศ

ลำดับที่ ประเภท เลขเรียก/บาร์โค้ด สถานที่ สถานะ
1. Book การพยาบาล
หนังสือสำรอง
สถานะ=หนังสือสำรอง
WY106 อ634ป ฉ.1 
  Barcode: 012107
ห้องสมุดวิทยาเขตสวรรค์ประชารักษ์
►หนังสือทั่วไป
บนชั้น
*เพิ่งรับคืน
2. Book การพยาบาล
Book การพยาบาล
WY106 อ634ป ฉ.2 
  Barcode: 012108
ห้องสมุดวิทยาเขตสวรรค์ประชารักษ์
►หนังสือทั่วไป
บนชั้น
*เพิ่งรับคืน
3. Book การพยาบาล
Book การพยาบาล
WY106 อ634ป ฉ.3 
  Barcode: 012120
ห้องสมุดวิทยาเขตสวรรค์ประชารักษ์
►หนังสือทั่วไป
บนชั้น
*เพิ่งรับคืน
4. Book การพยาบาล
Book การพยาบาล
WY106 อ634ป ฉ.4 
  Barcode: 012121
ห้องสมุดวิทยาเขตสวรรค์ประชารักษ์
►หนังสือทั่วไป
บนชั้น
*เพิ่งรับคืน
5. Book การพยาบาล
Book การพยาบาล
WY106 อ634ป ฉ.5 
  Barcode: 012122
ห้องสมุดวิทยาเขตสวรรค์ประชารักษ์
►หนังสือทั่วไป
บนชั้น
*เพิ่งรับคืน

รายการใกล้เคียง
    ผู้แต่ง [อาภาพร เผ่าวัฒนา]

BibComment


ยังไม่เคยถูกคอมเมนท์

คอมเมนท์ทรัพยากรรายการนี้
  คอมเมนท์: ประเด็นร่วมสมัยใ..


 Copyright 2026. Bcnsprnw @Library